Administración autónoma de la economía / (Record no. 81479)

MARC details
000 -LEADER
campo de control de longitud fija 00702nam a2200205 i 4500
001 - NÚMERO DE CONTROL
campo de control 81479
003 - IDENTIFICADOR DE NÚMERO DE CONTROL
campo de control ES-MaACL
007 - CAMPO FIJO DE DESCRIPCIÓN FÍSICA--INFORMACIÓN GENERAL
campo de control de longitud fija t|
008 - DATOS DE LONGITUD FIJA--INFORMACIÓN GENERAL
campo de control de longitud fija 041104s1967 sp ||||1| spa d
100 1# - ENTRADA PRINCIPAL--NOMBRE DE PERSONA
Nombre de persona Huber, Ernst Rudolf.
9 (RLIN) 64481
245 10 - MENCIÓN DEL TÍTULO
Título Administración autónoma de la economía /
Mención de responsabilidad, etc. Ernst Rudolf Huber ; [traducción: Celestino Fernández de la Vega].
250 ## - MENCION DE EDICION
Mención de edición [1ª ed.].
260 ## - PUBLICACIÓN, DISTRIBUCIÓN, ETC.
Lugar de publicación, distribución, etc. Madrid :
Nombre del editor, distribuidor, etc. [Escuela Nacional de Administración Pública],
Fecha de publicación, distribución, etc. 1967.
300 ## - DESCRIPCIÓN FÍSICA
Extensión 117 p. ;
Dimensiones 22 cm.
490 1# - MENCIÓN DE SERIE
Mención de serie Estudios administrativos
700 1# - ENTRADA AGREGADA--NOMBRE PERSONAL
Nombre de persona Fernández de la Vega, Celestino.
9 (RLIN) 49678
830 0# - PUNTO DE ACCESO ADICIONAL DE SERIE-TÍTULO UNIFORME
Título uniforme Estudios administrativos
9 (RLIN) 181549
852 ## - LOCALIZACIÓN
Ubicación ES-MaACL
Número de control de estantería E-5778
Sublocalización o colección R.90212
Holdings
Estatus retirado Estado de pérdida Estado de daño No para préstamo Biblioteca de origen Biblioteca actual Ubicación en estantería Fecha de adquisición Fuente de adquisición Total de préstamos Signatura topográfica completa Código de barras Visto por última vez Precio de reemplazo Tipo de ítem Koha
        Biblioteca del Ateneo de Madrid Biblioteca del Ateneo de Madrid Depósito 2 17/01/2008     E-5778 1085171 23/02/2023 23/02/2023 Libro impreso